000 01242nam a22003497a 4500
003 CHAP
005 20220329140543.0
008 971013s1986 r 00010 d
010 _a53814
011 _a54786
035 _a58938
040 _cCHAP
090 _aTesis
100 0 0 _aRuiz Torres, José.
_9100794
245 _aEfecto de la aplicación de cobertura, fertilización y densidades de siembra en dos variedades de triticale (Triticale hexaploide)
260 _aBermejillo, Dgo. :
_bEl autor,
_c1986
300 _a112 h.
_b; gráfs.
502 _aTesis (Ing. Agr. Esp. en Zonas Aridas) -- UACH. Departamento de Zonas Aridas
590 _aALEPH
_b10
_c20130110
_lUCH01
_h1331
590 _aBATCH-UPD
_b10
_c20130110
_lUCH01
_h0021
590 _aBATCH-UPD
_b10
_c20130110
_lUCH01
_h1750
590 _aBATCH-UPD
_b10
_c20130410
_lUCH01
_h1128
590 _aBATCH-UPD
_b10
_c20130914
_lUCH01
_h1427
590 _aCONVERSION
_b10
_c20130109
_lUCH01
_h1329
650 1 4 _aFertilizantes
_xEfecto en triticale.
_940559
650 1 4 _aSuelos
_xHumedad.
_9110391
650 1 4 _aTriticale
_xEspaciamiento.
_9115208
650 1 4 _aTriticale
_xVariedades.
_9115231
901 _aBK
942 _cTESIS
949 _bBC
_cTES
_d-127682
_eTS1
_h19381
_i58938
_si
999 _c53814
_d53814